[Event "Moscow Victory Day op"]
[Site "Moscow"]
[Date "2013.05.18"]
[Round "9"]
[White "Khorsun, Vsevolod"]
[Black "Eryshkanova, Anastasiya"]
[Result "1/2-1/2"]
[WhiteElo "1929"]
[BlackElo "2149"]
[PlyCount "44"]
[EventDate "2013.05.04"]
[EventType "swiss"]
[EventRounds "9"]
[EventCountry "RUS"]
[SourceTitle "CBM 154 Extra"]
[Source "ChessBase"]
[SourceDate "2013.06.25"]
[SourceVersion "2"]
[SourceVersionDate "2013.06.25"]
[SourceQuality "1"]

1. e4 e5 2. Nf3 Nf6 3. Nxe5 Qe7 4. Nf3 Nxe4 5. Be2 d5 6. Nc3 Be6 7. 0-0 Nd7 8. d3 Nxc3 9. bxc3 Qf6 10. Nd4 Bd6 11. Nb5 0-0 12. Nxd6 cxd6 13. Qd2 Nc5 14. Rb1 Rac8 15. Qg5 Qxg5 16. Bxg5 b6 17. Rb4 Rfe8 18. Bf3 Nd7 19. Bd2 Ne5 20. Bd1 Nc6 21. Rh4 Ne7 22. Re1 Bd7 1/2-1/2

[Event "Moscow Victory Day op"]
[Site "Moscow"]
[Date "2013.05.16"]
[Round "8"]
[White "Tarasov, Alexandr"]
[Black "Khorsun, Vsevolod"]
[Result "1/2-1/2"]
[WhiteElo "2192"]
[BlackElo "1929"]
[PlyCount "49"]
[EventDate "2013.05.04"]
[EventType "swiss"]
[EventRounds "9"]
[EventCountry "RUS"]
[SourceTitle "CBM 154 Extra"]
[Source "ChessBase"]
[SourceDate "2013.06.25"]
[SourceVersion "2"]
[SourceVersionDate "2013.06.25"]
[SourceQuality "1"]

1. d4 Nf6 2. c4 c5 3. d5 g6 4. Nc3 Bg7 5. Nf3 0-0 6. e4 e6 7. Be2 exd5 8. cxd5 d6 9. Nd2 b6 10. 0-0 Na6 11. f3 Nc7 12. Kh1 Rb8 13. a4 Re8 14. Ra3 Qe7 15. Nc4 Ba6 16. Ne3 Bxe2 17. Qxe2 Nd7 18. Nb5 Rb7 19. b3 Ra8 20. Nc4 Nxb5 21. axb5 Ne5 22. Bb2 Nxc4 23. bxc4 Re8 24. Bxg7 Kxg7 25. Re3 1/2-1/2

[Event "Moscow op-E"]
[Site "Moscow"]
[Date "2011.02.06"]
[Round "9.241"]
[White "Rakhmatulaev, Konstantin"]
[Black "Khorsun, Vsevolod"]
[Result "1-0"]
[WhiteElo "1964"]
[BlackElo "1729"]
[PlyCount "117"]
[EventDate "2011.01.29"]
[EventType "swiss"]
[EventRounds "9"]
[EventCountry "RUS"]
[SourceTitle "EXT 2022"]
[Source "ChessBase"]
[SourceDate "2021.10.06"]
[SourceVersion "1"]
[SourceVersionDate "2021.10.06"]
[SourceQuality "1"]

1. d4 Nf6 2. c4 g6 3. Nc3 Bg7 4. e4 d6 5. f3 0-0 6. Be3 e5 7. d5 Nbd7 8. Qd2 Nh5 9. g4 Nf4 10. Nge2 b6 11. Nxf4 exf4 12. Bxf4 Ne5 13. Be2 Qe7 14. h4 f5 15. gxf5 gxf5 16. 0-0-0 Ba6 17. b3 Ng6 18. Bh6 Qe5 19. Bxg7 Kxg7 20. Kc2 fxe4 21. fxe4 Rf2 22. Rhg1 Kh8 23. Rg5 Qh2 24. h5 Ne5 25. Rf5 Rf8 26. Rxf8+ Rxf8 27. Kb1 Rf2 28. Qe3 Bc8 29. Qg5 Nf7 30. Qe3 Qg2 31. Re1 Ne5 32. Nd1 Rf7 33. Rg1 Qh2 34. Qg5 Bg4 35. h6 Qf4 36. Rxg4 Nxg4 37. Qxg4 Qxg4 38. Bxg4 Rf6 39. Nc3 Rxh6 40. Nb5 Rh1+ 41. Kb2 h5 42. Bf5 h4 43. Nxc7 h3 44. Bxh3 Rxh3 45. Nb5 Rh6 46. Nxa7 Kg7 47. Nc8 Kf7 48. Nxb6 Kf6 49. a4 Rh7 50. Kc3 Ke5 51. Nc8 Rc7 52. Nb6 Kxe4 53. a5 Ke5 54. b4 Ra7 55. Kb3 Kf6 56. Nc8 Rd7 57. a6 Rd8 58. Nb6 Rb8 59. a7 1-0

[Event "Moscow op-B"]
[Site "Moscow"]
[Date "2009.02.04"]
[Round "5"]
[White "Ahmadov, Vusal Karimkhan"]
[Black "Khorsun, Vsevolod"]
[Result "0-1"]
[WhiteElo "1953"]
[BlackElo "1715"]
[PlyCount "82"]
[EventDate "2009.01.31"]
[EventType "swiss"]
[EventRounds "9"]
[EventCountry "RUS"]
[SourceTitle "EXT 2012"]
[Source "ChessBase"]
[SourceDate "2011.11.24"]
[SourceVersion "1"]
[SourceVersionDate "2011.11.24"]
[SourceQuality "1"]

1. e4 c5 2. Nf3 e6 3. d4 cxd4 4. Nxd4 a6 5. Nc3 Qc7 6. Bd3 b5 7. Be3 Bb7 8. 0-0 Nf6 9. a3 Be7 10. Kh1 d6 11. f4 Nbd7 12. Nb3 Rc8 13. Qe2 h5 14. Rae1 Ng4 15. Bd4 e5 16. Nd5 Bxd5 17. exd5 0-0 18. fxe5 dxe5 19. h3 Bh4 20. hxg4 Bxe1 21. Qxe1 exd4 22. Qe4 f5 23. Qe6+ Kh8 24. Rxf5 Rxf5 25. Qxf5 Nf8 26. Nxd4 g6 27. Qf6+ Qg7 28. Qxa6 Re8 29. Ne6 Nxe6 30. dxe6 Qxb2 31. Qd6 Qc1+ 32. Kh2 Qe3 33. Bxb5 Rxe6 34. Qb8+ Kg7 35. Bc4 Re7 36. Qg8+ Kf6 37. Qf8+ Kg5 38. gxh5 Qe5+ 39. Kg1 Qe1+ 40. Bf1 Re5 41. Qf3 Rf5 0-1